Pokémon - Génération IX dans l'ordre du Pokedex National - Statistiques

Statistiques générales
  • Ce quiz a été pris 8 fois
  • Le résultat moyen est 69 sur 105
Statistiques - réponses
Numéro Pokémon % Correct
913 Canarbello
100%
909 Chochodil
100%
912 Coiffeton
100%
910 Crocogril
100%
918 Filentrappe
100%
911 Flâmigator
100%
916 Fragroin
100%
920 Gambex
100%
915 Gourmelet
100%
919 Lilliterelle
100%
907 Matourgeon
100%
908 Miascarade
100%
914 Palmaval
100%
921 Pohm
100%
923 Pohmarmotte
100%
922 Pohmotte
100%
907 Poussacha
100%
917 Tissenboule
100%
939 Ampibidou
83%
930 Arboliva
83%
927 Briochien
83%
936 Carmadura
83%
935 Charbambin
83%
924 Compagnol
83%
925 Famignol
83%
941 Fulgulairo
83%
937 Malvalame
83%
929 Olivado
83%
928 Olivini
83%
926 Pâtachiot
83%
938 Têtampoule
83%
940 Zapétrel
83%
933 Amassel
67%
954 Bérasca
67%
950 Craparoi
67%
963 Dofin
67%
943 Dogrino
67%
968 Ferdeter
67%
959 Forgelina
67%
958 Forgella
67%
957 Forgerette
67%
934 Gigansel
67%
944 Gribouraigne
67%
942 Grondogue
67%
953 Léboulérou
67%
962 Lestombaile
67%
951 Pimito
67%
952 Scovilain
67%
932 Selutin
67%
964 Superdofin
67%
945 Tag-tag
67%
931 Tapatoes
67%
960 Taupikeau
67%
961 Triopikeau
67%
947 Virevorreur
67%
946 Virovent
67%
975 Balbalèze
50%
1002 Baojian
50%
1001 Chongjian
50%
956 Cléopsytra
50%
979 Courrousinge
50%
997 Cryodo
50%
976 Délestin
50%
982 Deusolourdo
50%
1003 Dinglu
50%
995 Epine-de-Fer
50%
981 Farigiraf
50%
955 Flotillon
50%
987 Flotte-Mêche
50%
986 Fongus-Furie
50%
984 Fort-Ivoire
50%
996 Frigodo
50%
1006 Garde-de-Fer
50%
969 Germéclat
50%
998 Glaivodo
50%
1000 Gromago
50%
991 Hotte-de-Fer
50%
985 Hurle-Queue
50%
1007 Koraidon
50%
1008 Miraidon
50%
994 Mite-de-Fer
50%
967 Motorizard
50%
978 Nigirigon
50%
977 Oyacata
50%
992 Paume-de-Fer
50%
974 Piétacé
50%
988 Rampe-Ailes
50%
990 Roue-de-Fer
50%
1005 Rugit-Lune
50%
983 Scalpereur
50%
1009 Serpent-Eau
50%
948 Terracool
50%
949 Terracruel
50%
980 Terraiste
50%
993 Têtes-de-Fer
50%
972 Tomberro
50%
971 Toutombe
50%
1010 Vert-de-Fer
50%
965 Vrombi
50%
966 Vrombotor
50%
1004 Yuyu
50%
973 Flamenroule
33%
999 Morudor
33%
989 Pelage-Sablé
33%
970 Foréclat
17%
Aucun quiz correspondant
Distribution des résultats
% des personnes avec chaque résultat
Percentile par nombre de réponses
Votre historique - résultats
Vous n’avez pas pris ce quiz